Ninjago Postacie Sezon 5: Opętanie - Statystyki

Ogólne statystyki
  • Ten quiz został rozwiązany 45 razy
  • Średni wynik to 101 z 138
Statystyki odpowiedzi
Odcinek Postać % Poprawnych
Jay
100%
Morro
100%
Nya
100%
Kai
97%
1."Wiatry zmian" | 2."Opowieści o duchach" | 3."Co nas nie zabije, to nas wzmocni" Cole
95%
Lloyd Garmadon
95%
Wu
95%
Zane
92%
Misako
86%
Ronin
73%
Garmadon
70%
10."Świat nad przepaścią, część II" | 4."Nawiedzona świątynia" | 5."Ciuciubabka" | +4 others Bansha
54%
Ghoultar
54%
Dareth
46%
PIXAL
41%
Chen
38%
Yang
38%
Listonosz
32%
Skylor
32%
Clouse
30%
Cyrus Borg
24%
Łucznik Dusz
22%
Fenwick
16%
Wrayth
16%
Laval
14%
Patrycja Klucz
11%
Kapitan
8%
Kucharz
5%
Magik
5%
Nobu
5%
Noonan
3%
O'Doyle
3%
Nie znaleziono quizów pasujących do podanych kryteriów
Rozkład punktacji
Procent ludzi z każdym wynikiem
Percentyl według liczby udzielonych odpowiedzi
Twoja historia wyników
Nie rozwiązałeś tego quizu